| 000 | 01476cam a2200241 4500 | ||
|---|---|---|---|
| 001 | ##L133003 | ||
| 008 | 060403n2006 000 0 eng u | ||
| 020 | _a0110740718 | ||
| 035 | _a(Sirsi) u133003 | ||
| 041 | 0 | _aeng | |
| 245 | 0 | 4 | _aThe Housing (Empty Dwelling Management Orders) (Prescribed Exceptions and Requirements) (England) Order 2006 |
| 260 |
_aLondon _bTSO _c2006 |
||
| 490 | 0 |
_aSI _v2006: 367 |
|
| 520 | _aPrescibes the exceptions for the purposes of a residential property tribunal's authorisation. The authorisation of a residential property tribunal is needed by a local housing authority seeking to make an interim Empty Dwelling Management Order (EDMO) A tribunal will not authorise the making of an interim EDMO where it is satisfied that the case falls within a prescribed exception. Also prescribes the additional requirements that a local housing authority must comply with when making an application to a residential property tribunal for authorisation of an interim EDMO. | ||
| 650 | 2 | 4 | _aHOUSING (EMPTY DWELLING MANAGEMENT ORDERS) (PRESCRIBED EXCEPTIONS AND REQUIREMENTS) (ENGLAND) ORDER 2006 |
| 650 | 2 | 4 | _aHOUSING ACT 2004 |
| 650 | 2 | 4 | _aHOUSING ACT 2004 PART IV |
| 650 | 2 | 4 | _aHOUSING ACT 2004 S132 |
| 650 | 2 | 4 | _aHOUSING ACT 2004 S133 |
| 690 | _aPROPERTY-RESIDENTIAL PROPERTY-RESIDENTIAL PROPERTY MANAGEMENT | ||
| 856 | 4 | 0 |
_uhttps://www.opsi.gov.uk/si/si2006/20060367.htm _zView the Order free of charge at www.opsi.gov.uk... |
| 942 | _n0 | ||
| 999 |
_c105306 _d105306 |
||